Caricamento...
Managing people at work /
| Autore principale: | |
|---|---|
| Natura: | Printed Book |
| Lingua: | English |
| Pubblicazione: |
New York :
Wiley,
|
| LEADER | 00477nam a22001457a 4500 | ||
|---|---|---|---|
| 008 | 170124b xxu||||| |||| 00| 0 eng d | ||
| 999 | |c 162100 |d 162100 | ||
| 020 | |a . | ||
| 082 | |a 658.3 | ||
| 100 | |a Harris, O. Jeff | ||
| 245 | |a Managing people at work / |c O. Jeff Harris | ||
| 260 | |b Wiley, |a New York : |c | ||
| 300 | |a 12 booklets | ||
| 942 | |c BK | ||
| 952 | |0 0 |1 0 |4 0 |6 658_300000000000000_HAR_H |7 0 |9 177892 |a CMS |b CMS |c ST1 |d 2017-01-24 |i 3920 |l 0 |o 658.3 HAR/H |p CMS3920 |r 2017-01-24 |w 2017-01-24 |y BK | ||